[Event "Pretoria Capablanca C"]
[Site "Pretoria"]
[Date "2018.04.28"]
[Round "4"]
[White "Ngakane, Dan"]
[Black "Nhamuave, Eleazar"]
[Result "0-1"]
[WhiteElo "1671"]
[BlackElo "1602"]
[PlyCount "139"]
[EventDate "2018.04.26"]
[EventType "tourn"]
[EventRounds "9"]
[EventCountry "RSA"]
[SourceTitle "CBM 184 Extra"]
[Source "ChessBase"]
[SourceDate "2018.06.28"]
[SourceVersion "1"]
[SourceVersionDate "2018.06.28"]
[SourceQuality "1"]

1. d4 d5 2. c4 e6 3. Nf3 Nf6 4. Qc2 c6 5. Bg5 Nbd7 6. e3 Be7 7. Nc3 b6 8. Bd3 h6 9. Bh4 a5 10. cxd5 cxd5 11. 0-0 Bb7 12. Nb5 0-0 13. Rfc1 Ne4 14. Bxe7 Qxe7 15. Qc7 Ba6 16. Ne5 Nef6 17. Nc6 Qe8 18. Nd6 Bxd3 19. Nxe8 Rfxe8 20. Ne5 Nxe5 21. dxe5 Ne4 22. f3 Ng5 23. h4 Nh7 24. Qxb6 Nf8 25. Rc7 Ng6 26. Qb7 Nxe5 27. Qb6 Nc4 28. Qd4 Bg6 29. e4 Reb8 30. exd5 Nd6 31. Qg4 h5 32. Qg3 Nf5 33. Qf2 exd5 34. Rac1 Kh7 35. g4 Nh6 36. Qd4 hxg4 37. fxg4 Rb4 38. Qxd5 Rxg4+ 39. Kf2 Re8 40. h5 Be4 41. Qd7 Re6 42. Rc8 Rg2+ 43. Kf1 Nf5 44. R1c3 Rf6 45. Ke1 Rg1+ 46. Ke2 Rg2+ 47. Kd1 Rd6+ 48. Qxd6 Nxd6 49. Rd8 Nf5 50. Rcc8 Bf3+ 51. Kc1 Bxh5 52. Rh8+ Kg6 53. Rc5 Bf3 54. Rxa5 Be4 55. Rc5 Rg1+ 56. Kd2 Rg2+ 57. Kc3 Rc2+ 58. Kb4 Rxb2+ 59. Ka3 Rb7 60. Rh2 Ne7 61. Re5 f5 62. Ra5 Kf6 63. Rd2 Nc6 64. Ra6 Kg5 65. Rd6 Ne5 66. Rd4 Kf4 67. Rb4 Rxb4 68. Kxb4 g5 69. Ra7 Nc6+ 70. Kc4 0-1

[Event "Pretoria Capablanca C"]
[Site "Pretoria"]
[Date "2018.04.27"]
[Round "1"]
[White "Nyathi, Musa"]
[Black "Ngakane, Dan"]
[Result "0-1"]
[WhiteElo "1610"]
[BlackElo "1671"]
[PlyCount "72"]
[EventDate "2018.04.26"]
[EventType "tourn"]
[EventRounds "9"]
[EventCountry "RSA"]
[SourceTitle "CBM 184 Extra"]
[Source "ChessBase"]
[SourceDate "2018.06.28"]
[SourceVersion "1"]
[SourceVersionDate "2018.06.28"]
[SourceQuality "1"]

1. c4 c6 2. Nf3 d5 3. cxd5 cxd5 4. d4 Nf6 5. Bf4 Nc6 6. Nbd2 a6 7. a3 Bf5 8. e3 e6 9. Rc1 Be7 10. Be2 0-0 11. 0-0 h6 12. h3 Bd6 13. Bxd6 Qxd6 14. b4 Rfc8 15. Nb3 b6 16. Bd3 Bxd3 17. Qxd3 Qe7 18. Rc2 Ne4 19. Rfc1 Qb7 20. b5 axb5 21. Qxb5 Nd6 22. Qd3 Rxa3 23. Ne5 Nxe5 24. Rxc8+ Nxc8 25. dxe5 Ne7 26. Qb5 Ng6 27. Qe8+ Kh7 28. Rc8 Nxe5 29. Nd4 Qd7 30. Qh8+ Kg6 31. Rd8 Qc7 32. f4 Qc1+ 33. Kh2 Qxe3 34. f5+ exf5 35. Rd6+ Kh5 36. Nxf5 Qf4+ 0-1